00556cam a22001577a 4500008004000000020001500040082001300055100002100068245007000089260003700159300001000196650005200206650003700258999001900295952008400314180718b2001 xxu||||| |||| 00| 0 eng d a019579561X aA99 Sh13 aShah, Sajjad Ali aLaw courts in a glass house: an autobiographycby Sajjad Ali Shah aOxfordbOxford Univ. Pressc2001 a834p. aShah, Sajjad Ali - Criticism and interpretation aShah, Sajjad Ali - Autobiography c399525d399525 00104070aIIPAbIIPAd2002-06-11oA99 Sh13p77518r2018-07-21w2018-07-21yBK